|
|
|
|
| LEADER |
00000nam a2200000 a 4500 |
| 001 |
vtls001137772 |
| 003 |
SK-MaSNL |
| 005 |
20260301153847.0 |
| 008 |
250414s1992 xr 0 00f cze |
| 020 |
|
|
|a 8020403140
|
| 035 |
|
|
|a SNK000080625
|
| 040 |
|
|
|a SNK
|b slo
|c SNK
|e AACR2
|
| 041 |
1 |
|
|a cze
|h fre
|
| 044 |
|
|
|a xr
|c CZ
|
| 072 |
|
7 |
|a 821.133.1
|x Francúzska literatúra
|2 konspekt
|
| 080 |
|
|
|a 821.133.1-31=162.3
|2 2001
|
| 080 |
|
|
|a (0:82-31)
|2 2001
|
| 100 |
1 |
|
|a Châteaureynaud, Georges-Olivier,
|d 1947-
|4 aut
|9 10294
|
| 240 |
1 |
0 |
|a Faculté des songes
|l Česky
|
| 245 |
1 |
0 |
|a Škola snů
|c Georges-Olivier Chateaureynaud ; z francouzského originálu Faculté des songes ... přeložila Jarmila Fialová
|
| 250 |
|
|
|a 1. vyd.
|
| 260 |
|
|
|a Praha
|b Mladá fronta
|c 1992
|
| 300 |
|
|
|a 190, [2] s.
|c 20 cm
|
| 490 |
1 |
|
|a Moderní světová próza
|v sv. 3
|
| 655 |
|
7 |
|a francúzske romány
|2 SNKPH
|9 70252
|
| 655 |
|
7 |
|a French novels
|2 SNKPHeng
|9 348434
|
| 700 |
1 |
|
|a Fialová, Jarmila,
|d 1925-2016
|4 trl
|9 209128
|
| 830 |
|
0 |
|a Moderní světová próza
|9 515931
|
| 852 |
|
|
|a Slovenská národná knižnica
|
| 919 |
|
|
|a 80-204-0314-0
|
| 958 |
|
|
|a OND
|
| 968 |
|
|
|d Z franc. orig.
|
| 999 |
|
|
|c 794739
|d 796669
|
| 952 |
|
|
|t P60, <04>, [BOOK], {604}
|a SNK
|b SNK
|y VYP
|7 0
|p 17A0114065
|o snkID 93891
|0 0
|1 0
|4 0
|d 1997-12-18
|l 0
|r 2005-01-01 00:00:00
|w 2026-02-24
|